00518nam a2200157 i 450000100060000000300090000600500170001500700030003200800410003510000250007624500980010126000610019930000460026060000330030685200210033942759ES-MaACL20250728191922.0t|030313s1945 sp ||||1| spa d1 aCereceda, Feliciano.10aDiego Laínez en la Europa religiosa de su tiempo, 1512-1565. nI /cpor Feliciano Cereceda. aMadrid : bCultura Hispánica, c1945 (fGráf. Ultra) a1 v. (XXXIV, 634 p., 1 lám.) ; c25 cm.14aLaínez, Diego, d1512-1565 aES-MaACLjE-3487